[Event "Warsaw YMCA Spring-A 272nd"]
[Site "Warsaw"]
[Date "2023.06.14"]
[Round "7"]
[White "Kania, Tomasz"]
[Black "Szukalski, Antoni"]
[Result "1-0"]
[WhiteElo "1697"]
[BlackElo "1680"]
[PlyCount "85"]
[EventDate "2023.04.14"]
[EventType "tourn"]
[EventRounds "11"]
[EventCountry "POL"]
[SourceTitle "EXT 2024"]
[Source "ChessBase"]
[SourceDate "2023.10.10"]
[SourceVersion "1"]
[SourceVersionDate "2023.10.10"]
[SourceQuality "1"]

1. d4 d5 2. c4 c6 3. cxd5 cxd5 4. Bf4 Nf6 5. e3 e6 6. Nc3 Bb4 7. Bd3 Nc6 8. a3 Bd6 9. Bxd6 Qxd6 10. f4 a6 11. Nf3 b5 12. Ne5 Ne7 13. 0-0 Nf5 14. Qf3 Bd7 15. g4 Ne7 16. Rac1 Bc6 17. g5 Nd7 18. Ne2 Rc8 19. Ng3 f5 20. gxf6 Nxf6 21. Kh1 g6 22. Rc2 0-0 23. Rg1 Kh8 24. Rcg2 Be8 25. Qd1 Nf5 26. Nxf5 exf5 27. Qe1 Ne4 28. Qh4 Rf6 29. Qh6 Rc7 30. Qh4 Kg7 31. Qe1 h6 32. Qd1 Kh7 33. Qb3 Rc8 34. Rc2 Rxc2 35. Qxc2 Bd7 36. Rc1 Be8 37. Bxe4 fxe4 38. Qc8 Rf8 39. Rc7+ Kg8 40. Qb7 Qf6 41. Qxd5+ Bf7 42. Rxf7 Rxf7 43. Nxf7 1-0

[Event "Warsaw YMCA Spring-A 272nd"]
[Site "Warsaw"]
[Date "2023.04.14"]
[Round "1"]
[White "Klim, Juliusz"]
[Black "Kania, Tomasz"]
[Result "0-1"]
[WhiteElo "1709"]
[BlackElo "1697"]
[PlyCount "72"]
[EventDate "2023.04.14"]
[EventType "tourn"]
[EventRounds "11"]
[EventCountry "POL"]
[SourceTitle "EXT 2024"]
[Source "ChessBase"]
[SourceDate "2023.10.10"]
[SourceVersion "1"]
[SourceVersionDate "2023.10.10"]
[SourceQuality "1"]

1. e4 c6 2. d4 d5 3. Nc3 dxe4 4. Nxe4 Bf5 5. Ng3 Bg6 6. h4 h6 7. Nf3 e6 8. Ne5 Bh7 9. Bd3 Bxd3 10. Qxd3 Nd7 11. Bf4 Nxe5 12. Bxe5 Qa5+ 13. c3 Nf6 14. 0-0 Ng4 15. f4 0-0-0 16. Qf3 f5 17. b4 Qb6 18. a4 Bd6 19. Bxd6 Rxd6 20. Ne4 Rd5 21. Nc5 Qd8 22. g3 g5 23. Nxe6 Qf6 24. Rae1 gxh4 25. Re2 hxg3 26. Qxg3 Rg8 27. Kh1 Qg6 28. Qh3 Rd7 29. Nc5 Re7 30. Rg2 Rge8 31. Qh4 Re3 32. Rc2 Qd6 33. Kg1 Qd5 34. Qh1 Rg3+ 35. Rg2 Ree3 36. Rc1 Rh3 0-1

[Event "Warsaw YMCA Winter-B 270th"]
[Site "Warsaw"]
[Date "2023.01.12"]
[Round "1"]
[White "Szukalski, Antoni"]
[Black "Kania, Tomasz"]
[Result "1/2-1/2"]
[WhiteElo "1680"]
[BlackElo "1691"]
[PlyCount "70"]
[EventDate "2023.01.12"]
[EventType "tourn"]
[EventRounds "11"]
[EventCountry "POL"]
[SourceTitle "CBM 213 Extra"]
[Source "ChessBase"]
[SourceDate "2023.05.31"]
[SourceVersion "1"]
[SourceVersionDate "2023.05.31"]
[SourceQuality "1"]

1. e4 c6 2. d4 d5 3. Nc3 dxe4 4. Nxe4 Bf5 5. Ng3 Bg6 6. Nf3 Nd7 7. Bd3 Bxd3 8. Qxd3 e6 9. 0-0 Ngf6 10. Re1 Be7 11. Bg5 0-0 12. Rad1 Re8 13. c4 Qc7 14. h3 Rad8 15. Qc2 h6 16. Be3 Bb4 17. Re2 Bd6 18. Ne4 Bf4 19. Bxf4 Qxf4 20. Ng3 Qd6 21. a3 b5 22. Red2 Qb8 23. b3 Re7 24. Re2 Rde8 25. Ne5 Nxe5 26. dxe5 Nd7 27. Qe4 bxc4 28. bxc4 Nb6 29. Nh5 Rd8 30. Red2 Red7 31. Rxd7 Rxd7 32. Rxd7 Nxd7 33. f4 Qb6+ 34. Kh2 Qc5 35. Qd3 Nb6 1/2-1/2